| 000 | 00350nam a22001457a 4500 | ||
|---|---|---|---|
| 008 | 210607b ||||| |||| 00| 0 eng d | ||
| 020 | _a0571104126 | ||
| 041 | _aeng | ||
| 080 | _a615.83 | ||
| 082 | _a615.83 | ||
| 100 | _a8 | ||
| 101 | _aEGZ | ||
| 245 |
_aChest Heart and Vascular Disorders for Physiotherapists _cJoan R. Cash |
||
| 942 |
_2udc _cBK |
||
| 999 |
_c58015 _d58015 |
||